Normal view
MARC view
- Avila , Mitchell, Furman , Todd .M
Entry Personal Name
001 - CONTROL NUMBER
- control field: 69172
003 - CONTROL NUMBER IDENTIFIER
- control field: NUST
005 - DATE AND TIME OF LATEST TRANSACTION
- control field: 20210628204201.0
008 - FIXED-LENGTH DATA ELEMENTS
- fixed length control field: 210628|| aca||aabn | a|a d
040 ## - CATALOGING SOURCE
- Original cataloging agency: NUST
- Transcribing agency: NUST
100 ## - HEADING--PERSONAL NAME
- Personal name: Avila , Mitchell, Furman , Todd .M
670 ## - SOURCE DATA FOUND
- Source citation: Work cat.: (NUST): Avila , Mitchell, Furman , Todd .M, The canon and its critics, a multi-perspective introduction to philosophy, 2000
